[Event "PRO League Group Stage"]
[Site "chess.com INT"]
[Date "2018.01.18"]
[Round "1"]
[White "Fernandez, Daniel Howard"]
[Black "Agrest, Inna"]
[Result "1-0"]
[WhiteTitle "GM"]
[BlackTitle "WIM"]
[WhiteElo "2496"]
[BlackElo "2280"]
[WhiteTeam "London Lions"]
[BlackTeam "Stockholm Snowballs"]
[WhiteFideId "5801605"]
[BlackFideId "1708830"]
[EventDate "2018.01.18"]

1. Nf3 Nf6 2. g3 g6 3. b4 Bg7 4. Bb2 O-O 5. b5 d6 6. Bg2 e5 7. c4 Nbd7 8. O-O
Nc5 9. d3 Rb8 10. a4 a5 11. Nbd2 Nfd7 12. Qc2 f5 13. d4 Ne6 14. dxe5 dxe5 15. e4
f4 16. Ba3 Rf7 17. c5 g5 18. Bh3 Ndf8 19. Bf5 Nd4 20. Nxd4 exd4 21. Qb3 Qf6 22.
Bxc8 Rxc8 23. f3 Qh6 24. g4 Rd8 25. Rad1 Ng6 26. Nc4 Ne5 27. Nxe5 Bxe5 28. Rd3
Kg7 29. Bb2 Rfd7 30. Qc2 Qf6 31. Rfd1 b6 32. c6 Rf7 33. Qc4 Rff8 34. Bxd4 Bxd4+
35. Rxd4 Rxd4 36. Qxd4 Qxd4+ 37. Rxd4 Kf6 38. Rd7 Rc8 39. Rxh7 Ke5 40. Rd7 1-0

[Event "PRO League Group Stage"]
[Site "chess.com INT"]
[Date "2018.01.18"]
[Round "1"]
[White "Haria, Ravi"]
[Black "Blomqvist, Erik"]
[Result "0-1"]
[WhiteTitle "IM"]
[BlackTitle "GM"]
[WhiteElo "2374"]
[BlackElo "2502"]
[WhiteTeam "London Lions"]
[BlackTeam "Stockholm Snowballs"]
[WhiteFideId "415820"]
[BlackFideId "1709437"]
[EventDate "2018.01.18"]

1. Nf3 c5 2. e4 e6 3. c3 Nf6 4. e5 Nd5 5. d4 cxd4 6. cxd4 d6 7. Bc4 Be7 8. O-O
O-O 9. Bd2 b6 10. Nc3 Nxc3 11. Bxc3 Bb7 12. Qe2 dxe5 13. dxe5 Nd7 14. Rfd1 Qc7
15. Bd3 Rfd8 16. Rac1 Rac8 17. Re1 Nf8 18. Bb1 Ng6 19. Bd2 Qd7 20. Rxc8 Qxc8 21.
Be3 Bxf3 22. Qxf3 Nxe5 23. Qe4 Ng6 24. g3 Bc5 25. Rc1 Qb8 26. Bxc5 bxc5 27. b3
Rd5 28. Kg2 Qd6 29. h4 f5 30. Qa4 Rd2 31. h5 Rxf2+ 32. Kxf2 Qd2+ 33. Kg1 Qxc1+
34. Kg2 Nf8 35. Qxa7 Qxb1 36. a4 Qxb3 37. a5 c4 38. a6 c3 0-1

[Event "PRO League Group Stage"]
[Site "chess.com INT"]
[Date "2018.01.18"]
[Round "1"]
[White "Haria, Ravi"]
[Black "Meier, Georg"]
[Result "0-1"]
[WhiteTitle "IM"]
[BlackTitle "GM"]
[WhiteElo "2374"]
[BlackElo "2647"]
[WhiteTeam "London Lions"]
[BlackTeam "Stockholm Snowballs"]
[WhiteFideId "415820"]
[BlackFideId "4675789"]
[EventDate "2018.01.18"]

1. Nf3 d5 2. g3 Bg4 3. Bg2 e6 4. h3 Bh5 5. d3 Nf6 6. O-O Be7 7. Qe1 O-O 8. e4 c5
9. e5 Nfd7 10. c4 Nc6 11. g4 Bg6 12. Qe2 Nb6 13. Rd1 Qd7 14. Nc3 Rad8 15. Bf1
Nd4 16. Nxd4 cxd4 17. c5 Bxc5 18. Nb1 f6 19. Bf4 fxe5 20. Bxe5 Qf7 21. f4 Nd7
22. Nd2 Nxe5 23. fxe5 Qf4 24. Nb3 Bb6 25. Rac1 Qg3+ 26. Bg2 Rf4 27. Qe1 Qe3+ 28.
Qxe3 dxe3 29. d4 Rf2 30. Nc5 Bxc5 31. Rxc5 Rxb2 32. Rc7 Rf8 33. Rdc1 e2 34. a4
Bc2 35. a5 Bd1 0-1

[Event "PRO League Group Stage"]
[Site "chess.com INT"]
[Date "2018.01.18"]
[Round "1"]
[White "Kleinman, Michael"]
[Black "Iturrizaga Bonelli, Eduardo"]
[Result "0-1"]
[WhiteTitle "IM"]
[BlackTitle "GM"]
[WhiteElo "2394"]
[BlackElo "2650"]
[WhiteTeam "Montreal Chessbrahs"]
[BlackTeam "Miami Champions"]
[WhiteFideId "2609479"]
[BlackFideId "3901211"]
[EventDate "2018.01.18"]

1. e4 c5 2. Nf3 g6 3. d4 cxd4 4. Nxd4 Nc6 5. c4 Nf6 6. Nc3 d6 7. Be2 Bg7 8. Be3
O-O 9. O-O Bd7 10. Qd2 Nxd4 11. Bxd4 Bc6 12. Bd3 a5 13. Rfe1 Nd7 14. Bxg7 Kxg7
15. Re3 e5 16. Be2 Nc5 17. Rd1 Ne6 18. Qxd6 Qxd6 19. Rxd6 Nd4 20. Bd1 a4 21. Ne2
Ne6 22. f3 Rfc8 23. Rc3 Nc5 24. b4 axb3 25. axb3 Ra1 26. Kf2 Bxe4 27. Re3 Bb1
28. b4 Na6 29. Rxe5 Nxb4 30. Re7 Nd3+ 31. Ke3 Nc5 32. Nc3 Bf5 33. g4 Be6 34. Be2
Kf8 35. Rdxe6 Nxe6 36. Rxb7 Ra3 37. Kd2 Rd8+ 38. Nd5 Nf4 39. Bd1 Nxd5 40. cxd5
Rxd5+ 41. Ke2 Ra2+ 42. Ke1 Ra1 0-1

[Event "PRO League Group Stage"]
[Site "chess.com INT"]
[Date "2018.01.18"]
[Round "1"]
[White "Kleinman, Michael"]
[Black "Acor, Corey"]
[Result "0-1"]
[WhiteTitle "IM"]
[BlackTitle "FM"]
[WhiteElo "2394"]
[BlackElo "2284"]
[WhiteTeam "Montreal Chessbrahs"]
[BlackTeam "Miami Champions"]
[WhiteFideId "2609479"]
[BlackFideId "2024861"]
[EventDate "2018.01.18"]

1. d4 Nf6 2. Bf4 d6 3. Nc3 Nbd7 4. Nf3 h6 5. h4 g6 6. Qd2 Bg7 7. O-O-O Ng4 8. e4
e5 9. dxe5 Ngxe5 10. Kb1 Ng4 11. h5 g5 12. Bg3 O-O 13. Nd4 Nb6 14. f3 Ne5 15. f4
Nec4 16. Qf2 a6 17. b3 Na3+ 18. Kc1 c5 19. Nde2 Nb5 20. e5 Bg4 21. Nxb5 axb5 22.
Rxd6 Qc7 23. Nc3 Nc8 24. Nxb5 Qa5 25. a4 Nxd6 26. exd6 Qb4 27. Bc4 Rxa4 28. c3
Ra1+ 29. Kb2 Rxh1 30. fxg5 Qa5 31. Bf1 Ra8 32. Qxf7+ Kxf7 33. Bc4+ Kf8 0-1

[Event "PRO League Group Stage"]
[Site "chess.com INT"]
[Date "2018.01.18"]
[Round "1"]
[White "Brown, Michael William"]
[Black "Gorovets, Andrey"]
[Result "0-1"]
[WhiteTitle "IM"]
[BlackTitle "GM"]
[WhiteElo "2506"]
[BlackElo "2517"]
[WhiteTeam "San Diego Surfers"]
[BlackTeam "Dallas Destiny"]
[WhiteFideId "2037602"]
[BlackFideId "13504037"]
[EventDate "2018.01.18"]

1. d4 d6 2. Nf3 Nf6 3. c4 g6 4. Nc3 Bg7 5. e4 O-O 6. Be2 c5 7. d5 e6 8. O-O Re8
9. Nd2 Na6 10. Re1 Nc7 11. a4 Na6 12. f3 exd5 13. cxd5 Nd7 14. Nb5 Bf8 15. Nc4
Nb6 16. Bf4 Nxc4 17. Bxc4 Qf6 18. Qd2 Bd7 19. Bg5 Qg7 20. Qc3 Bxb5 21. axb5 Nb4
22. Ra4 Be7 23. Qxg7+ Kxg7 24. Bd2 Bf6 25. Bc3 Nc2 26. Rc1 Nd4 27. Rca1 a6 28.
Kh1 Rab8 29. b6 Be5 30. Rc1 f5 31. exf5 Nxf5 32. Bd3 Nd4 33. Be4 Kf7 34. Rd1 Nb5
35. Rc1 Nxc3 36. bxc3 Bf6 37. c4 h5 38. g3 Re5 39. Kg2 g5 40. Ra2 Rbe8 41. h3 g4
42. hxg4 hxg4 43. Rh1 gxf3+ 44. Bxf3 Kg7 45. Rf2 Re1 46. Rh3 Bd4 47. Rf1 Rxf1
48. Kxf1 Re3 49. Be2 Rb3 50. Kg2 a5 51. Rh1 a4 52. Bd1 Rb2+ 53. Kf3 a3 0-1

[Event "PRO League Group Stage"]
[Site "chess.com INT"]
[Date "2018.01.18"]
[Round "1"]
[White "Brown, Michael William"]
[Black "Moradiabadi, Elshan"]
[Result "1/2-1/2"]
[WhiteTitle "IM"]
[BlackTitle "GM"]
[WhiteElo "2506"]
[BlackElo "2528"]
[WhiteTeam "San Diego Surfers"]
[BlackTeam "Dallas Destiny"]
[WhiteFideId "2037602"]
[BlackFideId "12501255"]
[EventDate "2018.01.18"]

1. d4 g6 2. c4 Bg7 3. Nc3 e6 4. Nf3 Ne7 5. e3 O-O 6. Be2 d5 7. O-O a6 8. Qc2
Nbc6 9. a3 b6 10. b4 Bb7 11. Bb2 Qd7 12. Rfd1 Rfd8 13. Rac1 Qe8 14. h3 h6 15. b5
axb5 16. cxb5 Na5 17. a4 Rac8 18. Ba3 Nf5 19. Bb4 Nc4 20. Nd2 Ncd6 21. Qb3 e5
22. dxe5 Qxe5 23. Nf3 Qe6 24. Bxd6 Rxd6 25. Bd3 d4 26. Qxe6 fxe6 27. Bxf5 Bxf3
28. gxf3 gxf5 29. Ne2 e5 30. exd4 exd4 31. Rd3 c5 32. bxc6 Rcxc6 33. Rxc6 Rxc6
34. Rb3 Rc4 35. Nf4 Be5 36. Nd5 Rxa4 1/2-1/2

[Event "PRO League Group Stage"]
[Site "chess.com INT"]
[Date "2018.01.18"]
[Round "1"]
[White "Lenic, Luka"]
[Black "Roberson, Peter T"]
[Result "1-0"]
[WhiteTitle "GM"]
[BlackTitle "IM"]
[WhiteElo "2662"]
[BlackElo "2412"]
[WhiteTeam "Ljubljana Turtles"]
[BlackTeam "London Towers"]
[WhiteFideId "14603853"]
[BlackFideId "412384"]
[EventDate "2018.01.18"]

1. Nf3 c5 2. c4 Nc6 3. Nc3 g6 4. e3 Nf6 5. d4 cxd4 6. exd4 d5 7. cxd5 Nxd5 8.
Qb3 e6 9. Bb5 Bg7 10. O-O O-O 11. Bxc6 bxc6 12. Na4 Ba6 13. Re1 Rb8 14. Qd1 Nb6
15. Nc5 Bc4 16. Bf4 Rc8 17. Be5 Nd7 18. Bxg7 Kxg7 19. Nxd7 Qxd7 20. Ne5 Qd5 21.
Qa4 Bb5 22. Qa5 Bc4 23. Qa4 Bb5 24. Qxa7 Ra8 25. Qc5 Qxc5 26. dxc5 Rfd8 27. Nf3
Rd5 28. Rec1 e5 29. b3 Ra3 30. Ne1 Kf6 31. Nc2 Ra7 32. a4 Ba6 33. Nb4 Rd2 34.
Nxc6 Rc7 35. Na5 Rb2 36. c6 Ke6 37. Rab1 Rxb1 38. Rxb1 Kd6 39. b4 Ra7 40. b5 Bc8
41. b6 Rxa5 42. b7 Kc7 43. b8=Q+ 1-0

[Event "PRO League Group Stage"]
[Site "chess.com INT"]
[Date "2018.01.18"]
[Round "1"]
[White "Lenic, Luka"]
[Black "Rendle, Thomas E"]
[Result "1-0"]
[WhiteTitle "GM"]
[BlackTitle "IM"]
[WhiteElo "2662"]
[BlackElo "2362"]
[WhiteTeam "Ljubljana Turtles"]
[BlackTeam "London Towers"]
[WhiteFideId "14603853"]
[BlackFideId "408760"]
[EventDate "2018.01.18"]

1. d4 e6 2. g3 f5 3. Bg2 Nf6 4. c4 c6 5. Nd2 d5 6. Nh3 Bd6 7. O-O O-O 8. Qc2 b6
9. Nf3 Ba6 10. cxd5 cxd5 11. Bf4 Ne4 12. Rfc1 Nd7 13. Bxd6 Nxd6 14. Nf4 Qe7 15.
Qa4 Bb5 16. Qa3 Rfc8 17. Ng5 Rxc1+ 18. Rxc1 Rc8 19. Rxc8+ Nxc8 20. Qxe7 Nxe7 21.
Ngxe6 Nf6 22. h4 Ne4 23. Ng5 Bc4 24. b3 Ba6 25. Nxe4 dxe4 26. e3 Nc6 27. g4 g6
28. gxf5 gxf5 29. Bh3 Bc8 30. Ne2 Kf7 31. Nc3 Ne7 32. Kh2 Kf6 33. Bg2 Ba6 34.
Kg3 Bd3 35. f3 exf3 36. Bxf3 Ke6 37. Kf4 h6 38. Kg3 a5 39. Na4 Bb1 40. Nc3 Bd3
41. Bg2 b5 42. a3 b4 43. axb4 axb4 44. Na2 Bc2 45. Nxb4 Bxb3 46. Nd3 Bc2 47.
Nf4+ Kd6 48. Kf2 Ba4 49. Bf1 Ng8 50. Bd3 Bd7 51. Nh5 Ke7 52. Kf3 Be6 53. Kf4 Nf6
54. Ng7 Nd5+ 55. Ke5 Nxe3 56. Nxe6 Ng4+ 57. Kxf5 1-0

[Event "PRO League Group Stage"]
[Site "chess.com INT"]
[Date "2018.01.18"]
[Round "1"]
[White "Gorozhanin, Mikhail"]
[Black "Tari, Aryan"]
[Result "0-1"]
[WhiteTitle "FM"]
[BlackTitle "GM"]
[WhiteElo "2435"]
[BlackElo "2599"]
[WhiteTeam "Volga Stormbringers"]
[BlackTeam "Norway Gnomes"]
[WhiteFideId "4178262"]
[BlackFideId "1510045"]
[EventDate "2018.01.18"]

1. d4 Nf6 2. Nf3 d5 3. Bf4 c5 4. e3 Nc6 5. Nc3 a6 6. Be2 e6 7. O-O Bd6 8. Bxd6
Qxd6 9. Na4 cxd4 10. exd4 O-O 11. c3 Ne4 12. Nd2 f5 13. f3 Nf6 14. Nb3 Bd7 15.
Nac5 Qc7 16. Re1 Rae8 17. Bf1 Bc8 18. Qd2 Qd6 19. Nd3 h6 20. Qf4 Qxf4 21. Nxf4
Kf7 22. Nc5 g5 23. Nfd3 b6 24. Nb3 Nd7 25. Rac1 Bb7 26. a4 Rc8 27. g3 Na5 28.
Nxa5 bxa5 29. Kf2 Bc6 30. b3 Rb8 31. Rb1 Rb7 32. Rb2 Rfb8 33. Reb1 Ke7 34. Ke3
Kd6 35. f4 Rc8 36. Kd2 Rbc7 37. Re1 Bb7 38. Rc2 Rb8 39. Be2 Bc6 40. Nc1 Rb6 41.
Bd3 Nf6 42. Ke3 Bd7 43. c4 dxc4 44. bxc4 Rb4 45. Na2 Rxa4 46. Nc3 Rb4 47. fxg5
hxg5 48. Kd2 a4 49. c5+ Ke7 50. Bxf5 Rxd4+ 51. Ke3 Rc4 52. Kd3 R7xc5 53. Bh3 a3
54. Nd5+ Nxd5 55. Rxc4 Bb5 56. Rxe6+ Kf7 57. Kd4 Rxc4+ 58. Kxd5 a2 59. Re1 Rb4
60. Be6+ Kf6 61. Ra1 Bc4+ 62. Kc5 Rb1 63. Rxa2 Bxa2 64. Bxa2 Rb2 65. Bc4 Rxh2
66. Bxa6 Rg2 0-1

[Event "PRO League Group Stage"]
[Site "chess.com INT"]
[Date "2018.01.18"]
[Round "1"]
[White "Gorozhanin, Mikhail"]
[Black "Abdrlauf, Elham"]
[Result "1/2-1/2"]
[WhiteTitle "FM"]
[WhiteElo "2435"]
[BlackElo "2073"]
[WhiteTeam "Volga Stormbringers"]
[BlackTeam "Norway Gnomes"]
[WhiteFideId "4178262"]
[BlackFideId "1533533"]
[EventDate "2018.01.18"]

1. d4 Nf6 2. Bf4 d5 3. e3 Bf5 4. c4 e6 5. Nc3 Be7 6. Nf3 O-O 7. Qb3 b6 8. cxd5
exd5 9. Rd1 a6 10. Ne5 Bd6 11. Be2 c6 12. O-O Qc7 13. Rc1 Nbd7 14. Nxc6 Qxc6 15.
Na4 Nc5 16. Bxd6 Qxd6 17. dxc5 bxc5 18. Nxc5 Rfb8 19. Qc3 Rc8 20. Qd4 h6 21.
Rfd1 a5 22. e4 Qe7 23. e5 Ne4 24. Nd3 Rd8 25. f3 Ng5 26. Nf4 Ne6 27. Nxd5 Nxd4
28. Nxe7+ Kf8 29. Rxd4 Kxe7 30. Rxd8 Rxd8 31. Rd1 Rc8 32. Rd2 Rc1+ 33. Kf2 g5
34. h3 Ke6 35. Rd6+ Kxe5 36. Rxh6 Rc2 37. Ke3 Rxb2 38. a4 Rb3+ 39. Kf2 Rb2 40.
Ke3 Rb3+ 41. Kd2 Rb2+ 42. Ke1 Ra2 43. g4 Be6 44. h4 Kf4 45. hxg5 Ke3 46. Bd1 Ra1
47. Rxe6+ fxe6 48. g6 Rc1 49. g7 Rc8 50. Bb3 Rc1+ 51. Bd1 Rc8 52. Bb3 Rc1+ 53.
Bd1 Rc8 54. Bb3 Rc1+ 1/2-1/2

[Event "PRO League Group Stage"]
[Site "chess.com INT"]
[Date "2018.01.18"]
[Round "1"]
[White "Ly, Moulthun"]
[Black "Sargissian, Gabriel"]
[Result "1/2-1/2"]
[WhiteTitle "GM"]
[BlackTitle "GM"]
[WhiteElo "2480"]
[BlackElo "2677"]
[WhiteTeam "Australia Kangaroos"]
[BlackTeam "Seattle Sluggers"]
[WhiteFideId "3204405"]
[BlackFideId "13300881"]
[EventDate "2018.01.18"]

1. d4 Nf6 2. c4 e6 3. Nf3 Bb4+ 4. Nbd2 d5 5. a3 Be7 6. e3 O-O 7. Be2 b6 8. O-O
Bb7 9. b4 Nbd7 10. Bb2 dxc4 11. Nxc4 Rc8 12. Nfe5 Nxe5 13. dxe5 Qd5 14. Bf3 Qxd1
15. Rfxd1 Nd5 16. g3 f5 17. exf6 Bxf6 18. Bxf6 Rxf6 19. Bg2 Ba6 20. Rac1 Rff8
21. Ne5 Bb5 22. Nc6 Rce8 23. Rd2 a6 24. Nd4 Nf6 25. Rxc7 e5 26. Nf5 g6 27. Nh6+
Kh8 28. Rd6 Rc8 29. Rxf6 Rxc7 30. Rxf8+ Kg7 31. Rf7+ Rxf7 32. Nxf7 Kxf7 33. Bf1
Bc6 34. Bxa6 b5 35. Bc8 Kf6 36. f4 g5 37. Kf2 h6 38. Ke2 Be8 39. Kd2 Bc6 40. Bg4
Be8 41. Kd3 Bg6+ 42. Kc3 Be8 43. fxg5+ Kxg5 44. Bf3 Kf5 45. Kd3 Kf6 46. Be4 Kg5
47. Ke2 Kg4 48. Kf2 Kg5 49. Kg2 Bd7 50. Bf3 Be8 51. h4+ Kf5 52. g4+ Kf6 53. Kg3
Bd7 54. Be4 Be8 55. Bd5 Bd7 56. Bb3 Be8 57. Bc2 Bd7 58. Bd3 Be8 59. Bf5 Bc6 60.
e4 Be8 61. Kf2 Bc6 62. Ke3 Be8 63. Kd3 Bc6 64. Kc3 Be8 65. Kb2 Bc6 66. Kc3 Be8
67. Kd3 Bc6 68. Bc8 Be8 69. Ke3 Bc6 70. Ba6 Be8 71. Bb7 Bd7 72. Kf3 Be8 73. Bd5
Bd7 74. Kg3 Be8 75. Bb3 Bd7 76. Bd1 Bc6 77. Bf3 Bd7 78. Bg2 Be8 79. Bh3 Bc6 80.
Kf3 Be8 81. Bg2 Bd7 82. Bh1 Be8 83. Ke3 Bd7 84. Bf3 Be8 85. Kd3 Bd7 86. a4 bxa4
87. Kc4 Bb5+ 88. Kc3 Bc6 89. Kb2 Ke7 90. Ka3 Kd6 91. Ka2 Ke7 92. Kb2 Kd6 93. Kb1
Ke7 94. Ka2 Kd6 95. Kb2 Ke7 96. Ka3 Kd6 97. Bd1 Bxe4 98. Kxa4 Bd3 99. Kb3 e4
100. Kc3 Ke5 101. g5 hxg5 102. h5 Kf6 103. Kd4 Kg7 104. Ke3 Bb5 105. Kxe4 Bd7
106. Ke5 Kh6 107. Kd6 Bb5 108. Kc5 Be8 109. Bg4 Kg7 110. Kd6 Kh7 111. Bd7 Bxd7
112. Kxd7 g4 113. b5 g3 114. b6 g2 115. b7 g1=Q 116. b8=Q Qg4+ 117. Kc7 Qf4+
118. Kb7 Qxb8+ 119. Kxb8 Kh6 120. Kc7 Kxh5 1/2-1/2

[Event "PRO League Group Stage"]
[Site "chess.com INT"]
[Date "2018.01.18"]
[Round "1"]
[White "Ly, Moulthun"]
[Black "Feng, Roland"]
[Result "1/2-1/2"]
[WhiteTitle "GM"]
[BlackTitle "FM"]
[WhiteElo "2480"]
[BlackElo "2358"]
[WhiteTeam "Australia Kangaroos"]
[BlackTeam "Seattle Sluggers"]
[WhiteFideId "3204405"]
[BlackFideId "2060086"]
[EventDate "2018.01.18"]

1. d4 Nf6 2. c4 e6 3. Nf3 Bb4+ 4. Nbd2 O-O 5. a3 Bxd2+ 6. Bxd2 b6 7. Bg5 h6 8.
Bh4 Bb7 9. e3 d6 10. Be2 Nbd7 11. O-O Re8 12. Nd2 e5 13. d5 Nf8 14. f3 c5 15. b4
Ng6 16. Bf2 Bc8 17. bxc5 bxc5 18. Qc2 Nh7 19. Bd3 Nhf8 20. Rfb1 Qc7 21. a4 Bd7
22. Ne4 Ne7 23. Nc3 a6 24. e4 Reb8 25. Nd1 Neg6 26. g3 Nh7 27. h4 Nf6 28. Be1
Kf8 29. a5 Ke8 30. Ne3 Kd8 31. Rb6 Ne7 32. Rab1 Nc8 33. R6b2 Ne7 34. Rb3 Rxb3
35. Qxb3 Kc8 36. Kh2 Rb8 37. Qxb8+ Qxb8 38. Rxb8+ Kxb8 39. Bc3 Ng6 40. Nf5 Bxf5
41. exf5 Ne7 42. g4 Nh7 43. f4 f6 44. Kg3 exf4+ 45. Kxf4 Kc7 46. Bc2 Nf8 47. g5
hxg5+ 48. hxg5 Nd7 49. g6 Ne5 50. Ke4 Nc8 51. Bb3 Kd7 52. Bd2 Ne7 53. Bf4 Kc7
54. Bg3 Nc8 55. Bf2 Ne7 56. Bh4 Nc8 57. Be1 Ne7 58. Bd1 Nc8 59. Be2 Ne7 60. Bc3
Nc8 61. Ba1 Ne7 62. Kf4 Nc8 63. Bc3 Ne7 64. Ke4 Nc8 65. Bd1 Ne7 66. Bb3 Nc8 1/2-1/2

[Event "PRO League Group Stage"]
[Site "chess.com INT"]
[Date "2018.01.18"]
[Round "1"]
[White "Abdrlauf, Elham"]
[Black "Dudukin, Ilya"]
[Result "0-1"]
[BlackTitle "FM"]
[WhiteElo "2073"]
[BlackElo "2396"]
[WhiteTeam "Norway Gnomes"]
[BlackTeam "Volga Stormbringers"]
[WhiteFideId "1533533"]
[BlackFideId "4148576"]
[EventDate "2018.01.18"]

1. d4 Nf6 2. c4 Nc6 3. Nf3 e6 4. g3 Bb4+ 5. Bd2 Qe7 6. Bg2 Bxd2+ 7. Nbxd2 O-O 8.
O-O a5 9. e4 d6 10. Re1 e5 11. d5 Nb8 12. a3 a4 13. b4 axb3 14. Nxb3 Bd7 15. Qc2
Ba4 16. Qc3 Bxb3 17. Qxb3 b6 18. Nd2 Na6 19. f4 Nc5 20. Qc3 Ra4 21. f5 Rfa8 22.
h3 h6 23. g4 Qd8 24. Qg3 Nh7 25. h4 f6 26. Bf1 Qb8 27. Nb3 Rxa3 28. Rxa3 Rxa3
29. Re3 Nd7 30. Nd2 Ra7 31. Nf3 Qd8 32. Re2 Ra3 33. Qg2 Nc5 34. Ne1 Qa8 35. Nf3
Nd3 36. Re3 Nf4 37. Qd2 Ra2 38. Qb4 Kf8 39. Qb5 Ke7 40. Qb3 Qa5 41. Qb5 Qa7 42.
Qb3 Ra1 43. Qb2 b5 44. c5 Qxc5 45. Qc3 Ne2+ 0-1

[Event "PRO League Group Stage"]
[Site "chess.com INT"]
[Date "2018.01.18"]
[Round "1"]
[White "Abdrlauf, Elham"]
[Black "Grigoriants, Sergey"]
[Result "0-1"]
[BlackTitle "GM"]
[WhiteElo "2073"]
[BlackElo "2568"]
[WhiteTeam "Norway Gnomes"]
[BlackTeam "Volga Stormbringers"]
[WhiteFideId "1533533"]
[BlackFideId "4130804"]
[EventDate "2018.01.18"]

1. e4 c5 2. Nf3 e6 3. c3 d5 4. exd5 Qxd5 5. d4 Nf6 6. Bb5+ Bd7 7. Bxd7+ Nbxd7 8.
O-O c4 9. Bf4 Be7 10. Nbd2 O-O 11. Qe2 b5 12. b3 Rac8 13. bxc4 bxc4 14. a4 a5
15. Ne5 Nxe5 16. Bxe5 Nd7 17. Rfb1 Qc6 18. Rb5 Nb6 19. Rc1 Nxa4 20. Rxa5 Nb6 21.
h4 Nd5 22. h5 Bg5 23. Rxd5 exd5 24. f4 Bh6 25. f5 Rfe8 26. f6 Qxf6 27. Rf1 Qg5
28. Nf3 Qxh5 29. Qf2 f6 30. g3 fxe5 31. Nxe5 Rf8 32. Qg2 Be3+ 0-1

[Event "PRO League Group Stage"]
[Site "chess.com INT"]
[Date "2018.01.18"]
[Round "1"]
[White "Edouard, Romain"]
[Black "Blomqvist, Erik"]
[Result "1/2-1/2"]
[WhiteTitle "GM"]
[BlackTitle "GM"]
[WhiteElo "2613"]
[BlackElo "2502"]
[WhiteTeam "London Lions"]
[BlackTeam "Stockholm Snowballs"]
[WhiteFideId "633429"]
[BlackFideId "1709437"]
[EventDate "2018.01.18"]

1. Nf3 c5 2. b3 d6 3. g3 e5 4. Bg2 Nc6 5. Bb2 g6 6. e3 Bg7 7. O-O Nge7 8. c4 O-O
9. Nc3 h6 10. d4 exd4 11. exd4 Nxd4 12. Nxd4 Bxd4 13. Qd2 h5 14. Rad1 Bg4 15.
Rde1 Nc6 16. Bd5 Ne5 17. Qh6 Qf6 18. Ne4 Qg7 19. Qxg7+ Kxg7 20. Bxd4 cxd4 21.
Nd2 Bh3 22. Bxb7 Bxf1 23. Bxa8 Bxc4 24. Nxc4 Nxc4 25. Bh1 Ne5 26. Rd1 Rc8 27.
Rxd4 Rc1+ 28. Kg2 Rc2 29. Rxd6 Rxa2 30. Kg1 Ra1+ 31. Kg2 Rb1 32. Ra6 Rxb3 33.
Rxa7 Rb2 34. Ra3 Rd2 35. Kg1 Nd3 36. f4 Nf2 37. Bg2 Ng4 38. h3 Nh6 39. Be4 Re2
40. Bf3 Rd2 41. Be4 Nf5 42. Bxf5 gxf5 43. Ra5 Kg6 44. Ra6+ Kg7 45. Ra5 Kg6 46.
Ra6+ Kg7 47. Ra5 1/2-1/2

[Event "PRO League Group Stage"]
[Site "chess.com INT"]
[Date "2018.01.18"]
[Round "1"]
[White "Edouard, Romain"]
[Black "Meier, Georg"]
[Result "1/2-1/2"]
[WhiteTitle "GM"]
[BlackTitle "GM"]
[WhiteElo "2613"]
[BlackElo "2647"]
[WhiteTeam "London Lions"]
[BlackTeam "Stockholm Snowballs"]
[WhiteFideId "633429"]
[BlackFideId "4675789"]
[EventDate "2018.01.18"]

1. Nf3 d5 2. b3 Nf6 3. Bb2 Bf5 4. g3 e6 5. Bg2 h6 6. O-O Be7 7. c4 c6 8. Nc3
Nbd7 9. d3 O-O 10. Qd2 Bh7 11. Rad1 Qb8 12. e4 dxe4 13. dxe4 Rd8 14. Qe2 e5 15.
Nh4 Qc7 16. f4 Re8 17. f5 Rad8 18. h3 a5 19. Nf3 Nc5 20. g4 Rxd1 21. Rxd1 Rd8
22. Rxd8+ Bxd8 23. Kh1 Qd6 24. Ba3 Nfd7 25. Bf1 g5 26. Na4 Be7 27. Kg2 Kf8 28.
Qe3 Ke8 29. Bxc5 Nxc5 30. Nxc5 Qxc5 31. Qxc5 Bxc5 32. Nxe5 f6 33. Nd3 Bd4 34.
Kf3 Ke7 35. e5 fxe5 36. Ke4 Kf6 37. Nc1 Bc3 38. Ne2 Be1 39. Kd3 Bg8 40. Bg2 Bf7
41. a3 Ke7 42. Ng1 Bg3 43. Nf3 Bf4 44. b4 axb4 45. axb4 e4+ 46. Kxe4 Bxc4 47.
Kd4 b5 48. Ne5 Kd6 49. Nxc6 Bd2 50. f6 Be1 51. Ke3 Bc3 52. Nd4 Ke5 53. Nf5 Bxb4
54. Nxh6 Bc5+ 55. Kd2 Kxf6 56. Nf5 Bf2 57. Ne3 Be6 58. Nd5+ Ke5 59. Nc7 Bc4 60.
Bc6 b4 61. Bb5 Bf7 62. Be8 Bg8 63. Kc2 Bd4 64. Bg6 Bb6 65. Ne8 Bc4 66. Bf5 Bf1
67. Ng7 Bxh3 68. Ne6 Be3 69. Kb3 Bd2 70. Nxg5 Bxg5 71. Kxb4 Bf1 72. Kc5 Be3+ 73.
Kc6 Bg2+ 74. Kc7 Bd4 75. Bd7 Bf3 76. Bc6 Bxg4 77. Kb7 Kd6 78. Bg2 Bc5 79. Ka8
Be2 80. Bh1 Kc7 81. Bg2 Kb6 82. Bh1 Bb5 83. Bg2 1/2-1/2

[Event "PRO League Group Stage"]
[Site "chess.com INT"]
[Date "2018.01.18"]
[Round "1"]
[White "Paikidze, Nazi"]
[Black "Yu, Yangyi"]
[Result "0-1"]
[WhiteTitle "IM"]
[BlackTitle "GM"]
[WhiteElo "2352"]
[BlackElo "2760"]
[WhiteTeam "Las Vegas Desert Rats"]
[BlackTeam "Chengdu Pandas"]
[WhiteFideId "13603620"]
[BlackFideId "8603820"]
[EventDate "2018.01.18"]

1. d4 d5 2. c4 e6 3. Nf3 c6 4. e3 Bd6 5. Bd3 dxc4 6. Bxc4 Nf6 7. Nc3 Nbd7 8. O-O
O-O 9. e4 e5 10. Bg5 b5 11. Bb3 a6 12. a4 Bb7 13. d5 Qb8 14. dxc6 Bxc6 15. Qe2
b4 16. Nd5 Bxd5 17. exd5 e4 18. Nd4 Bxh2+ 19. Kh1 Bf4 20. Nc6 Qd6 21. Bxf4 Qxf4
22. g3 Qd6 23. a5 Rfe8 24. Rfd1 h5 25. Kg2 Ng4 26. Rd4 Ndf6 27. Nxb4 Re5 28. Rc1
Rf5 29. Rf1 h4 30. Nc2 Rb8 31. Rxe4 Rxf2+ 32. Rxf2 Qxg3+ 33. Kf1 Nxe4 0-1

[Event "PRO League Group Stage"]
[Site "chess.com INT"]
[Date "2018.01.18"]
[Round "1"]
[White "Paikidze, Nazi"]
[Black "Ju, Wenjun"]
[Result "1/2-1/2"]
[WhiteTitle "IM"]
[BlackTitle "GM"]
[WhiteElo "2352"]
[BlackElo "2572"]
[WhiteTeam "Las Vegas Desert Rats"]
[BlackTeam "Chengdu Pandas"]
[WhiteFideId "13603620"]
[BlackFideId "8603006"]
[EventDate "2018.01.18"]

1. Nf3 d5 2. d4 Nf6 3. c4 e6 4. Nc3 a6 5. cxd5 exd5 6. Bg5 Be6 7. e3 Nbd7 8. Be2
h6 9. Bh4 Bd6 10. O-O O-O 11. Bg3 Qe7 12. Ne5 Rfe8 13. Rc1 c6 14. Nxd7 Bxd7 15.
Na4 Bxg3 16. hxg3 Ne4 17. Bf3 Bf5 18. Bxe4 Bxe4 19. Nc5 Bg6 20. Qb3 Rab8 21. Nd3
Bf5 22. Ne5 h5 23. Qb6 h4 24. gxh4 Qxh4 25. Qc7 Be6 26. f4 g6 27. f5 Rec8 28.
Qd6 Bxf5 29. Rxf5 gxf5 30. Rf1 Re8 31. Rxf5 Qe1+ 32. Kh2 Qh4+ 33. Kg1 Qe1+ 34.
Kh2 Qh4+ 35. Kg1 Qe1+ 36. Kh2 1/2-1/2